| 000 | 00428nam a2200181Ia 4500 | ||
|---|---|---|---|
| 001 | 58047 | ||
| 008 | 140507s9999 xx 000 0 und d | ||
| 020 | _a9788131774380 | ||
| 040 | _cPK-LaUMT | ||
| 082 |
_a 004.678 _bODO-I |
||
| 100 | _aOdom, Wendell | ||
| 245 |
_aIP networking _cOdom, Wendell |
||
| 260 |
_aNew Delhi,India: _bPearson, _c2012 |
||
| 300 | _a889 p. | ||
| 546 | _aEN | ||
| 650 | _aIP networking | ||
| 942 | _cBK | ||
| 999 |
_c55313 _d55313 |
||